| 000 | 00625cam a22001934a 4500 | ||
|---|---|---|---|
| 005 | 20250605163955.0 | ||
| 008 | 250528s ||||||||||||||||||||||||d | ||
| 035 | _a15447 | ||
| 020 | _a75061711 | ||
| 040 |
_aGR-AtMCL _bgre _dGR-AtMCL _eAACR2 |
||
| 245 | 1 | _aMarketing Strategy | |
| 260 |
_bButterworth Heinemann, _c1992 |
||
| 300 | _a260 | ||
| 520 | _aMarketing and Strategy are about relationships between people. Introduction, The Essential Groundwork, Developing Marketing Strategy, From Strategy to Tactics, Where Next, Index. | ||
| 700 | 1 |
_aFifield Paul _91369 |
|
| 942 | _cBK | ||
| 999 |
_c1027 _d1027 |
||